000 00537nam a22001937a 4500
003 OSt
005 20220107122731.0
008 140226b xxu||||| |||| 00| 0 eng d
020 _a9789350235928
040 _cIIITM-K
082 _a070.5 SAT/E
100 _aSattersten, Todd
_93310
245 _aEvery book is a startup:
_bThe new business of publishing
_cby Todd Sattersten
260 _aMumbai,
_bO'Reilly,
_c2011.
300 _avi, 34p.
650 _aPUBLISHING INDUSTRY
_93311
650 _aBOOK PUBLISHING
_93312
942 _2ddc
_cBK
999 _c3624
_d3624